5 Seconds of Summer (5SOS) - Complete Discography - Statistics

General Stats
  • This quiz has been taken 14 times
  • The average score is 125 of 210
Answer Stats
Album Song % Correct
5 Seconds Of Summer Amnesia
90%
LIVESOS | Meet You There Tour Live Amnesia - Live
90%
Amnesia (B-Sides) Amnesia - Live At Wembley
90%
The Feeling of Falling Upwards (Live from The Royal Albert Hall) Amnesia (Live from The Royal Albert Hall)
90%
5SOS5 Bad Omens
90%
The Feeling of Falling Upwards (Live from The Royal Albert Hall) Bad Omens (Live from The Royal Albert Hall)
90%
EVERYONE'S A STAR! Boyband
90%
5 Seconds Of Summer Don't Stop
90%
LIVESOS (B-Sides And Rarities) Don't Stop - Live
90%
EVERYONE'S A STAR! Everyone's A Star!
90%
EVERYONE'S A STAR! Evolve
90%
5 Seconds Of Summer Good Girls
90%
LIVESOS Good Girls - Live
90%
Sounds Good Feels Good (Deluxe) Jet Black Heart
90%
Meet You There Tour Live Jet Black Heart - Live
90%
The Feeling of Falling Upwards (Live from The Royal Albert Hall) Jet Black Heart (Live from The Royal Albert Hall)
90%
CALM Teeth
90%
The Feeling of Falling Upwards (Live from The Royal Albert Hall) Teeth (Live from The Royal Albert Hall)
90%
Singles Teeth - Live From The Vault
90%
EVERYONE'S A STAR! Telephone Busy
90%
5 Seconds Of Summer Voodoo Doll
90%
Youngblood (Deluxe) Youngblood
90%
Meet You There Tour Live Youngblood - Live
90%
The Feeling of Falling Upwards (Live from The Royal Albert Hall) Youngblood (Live from The Royal Albert Hall)
90%
Singles Youngblood - R3HAB Remix
90%
Sounds Good Feels Good (Deluxe) Broken Home
80%
5 Seconds Of Summer (B-Sides And Rarities) English Love Affair
80%
EVERYONE'S A STAR! Ghost
80%
Ghostbusters (Original Motion Picture Soundtrack) [2016] Girls Talk Boys (from the "Ghostbusters" Original Motion Picture Soundtrack)
80%
Singles Girls Talk Boys - Stafford Brothers Remix
80%
Somewhere New Gotta Get Out
80%
EVERYONE'S A STAR! I'm Scared I'll Never Sleep Again
80%
EVERYONE'S A STAR! Jawbreaker
80%
EVERYONE'S A STAR! NOT OK
80%
CALM Red Desert
80%
The Feeling of Falling Upwards (Live from The Royal Albert Hall) Red Desert (Live from The Royal Albert Hall)
80%
5 Seconds Of Summer She Looks So Perfect
80%
She Looks So Perfect (B-Sides) She Looks So Perfect - Ash Demo Vocal
80%
LIVESOS | Meet You There Tour Live She Looks So Perfect - Live
80%
The Feeling of Falling Upwards (Live from The Royal Albert Hall) She Looks So Perfect (Live from The Royal Albert Hall)
80%
She Looks So Perfect (B-Sides) She Looks So Perfect - Mikey Demo Vocal
80%
Sounds Good Feels Good (Deluxe) She's Kinda Hot
80%
Singles She's Kinda Hot - Alternate Version
80%
Meet You There Tour Live She's Kinda Hot - Live
80%
EVERYONE'S A STAR! (Fully Evolved) Start Over
80%
Sounds Good Feels Good (Deluxe) Waste The Night
80%
Meet You There Tour Live Waste The Night - Live
80%
CALM Wildflower
80%
5 Seconds Of Summer Beside You
70%
LIVESOS Beside You - Live
70%
5SOS5 Bleach
70%
Sounds Good Feels Good (Deluxe) Castaway
70%
EVERYONE'S A STAR! (Fully Evolved) Chest
70%
CALM Easier
70%
Singles Easier - Live From The Vault
70%
Singles Easier - Remix (With Charlie Puth)
70%
Singles Easier - Seeb Remix
70%
Youngblood (Deluxe) Ghost Of You
70%
Meet You There Tour Live Ghost Of You - Live
70%
The Feeling of Falling Upwards (Live from The Royal Albert Hall) Ghost of You (Live from The Royal Albert Hall)
70%
She Looks So Perfect (B-Sides) Heartache On The Big Screen
70%
LIVESOS Heartache On The Big Screen - Live
70%
Sounds Good Feels Good (Deluxe) Hey Everybody!
70%
CALM High
70%
EVERYONE'S A STAR! (Fully Evolved) I'll Find You
70%
EVERYONE'S A STAR! istillfeelthesame
70%
CALM Kill My Time
70%
Youngblood (Deluxe) Lie To Me
70%
Singles Lie To Me (feat. Julia Michaels)
70%
Meet You There Tour Live Lie To Me - Live
70%
The Feeling of Falling Upwards (Live from The Royal Albert Hall) Lie To Me (Live from The Royal Albert Hall)
70%
Sounds Good Feels Good (Deluxe) Money
70%
5SOS5 Moodswings
70%
Youngblood (Deluxe) More
70%
Meet You There Tour Live More - Live
70%
CALM No Shame
70%
5SOS5 Older (feat. Sierra Deaton)
70%
CALM Old Me
70%
Sounds Good Feels Good (Deluxe) Outer Space / Carry On
70%
The Feeling of Falling Upwards (Live from The Royal Albert Hall) Outer Space / Carry On (Live from The Royal Albert Hall)
70%
EVERYONE'S A STAR! The Rocks
70%
Youngblood (Deluxe) Valentine
70%
Meet You There Tour Live Valentine - Live
70%
Youngblood (Deluxe) Want You Back
70%
Meet You There Tour Live Want You Back - Live
70%
Singles Want You Back - Tritonal Remix
70%
EVERYONE'S A STAR! (Fully Evolved) Wishful Dreaming
70%
5 Seconds Of Summer 18
60%
LIVESOS 18 - Live
60%
Youngblood (Deluxe) Babylon
60%
Meet You There Tour Live Babylon - Live
60%
5SOS5 Best Friends
60%
CALM Best Years
60%
Youngblood (Deluxe) Better Man
60%
Meet You There Tour Live Better Man - Live
60%
5SOS5 Bloodhound
60%
5SOS5 Caramel
60%
The Feeling of Falling Upwards (Live from The Royal Albert Hall) Caramel (Live from The Royal Albert Hall)
60%
5SOS5 CAROUSEL
60%
The Feeling of Falling Upwards (Live from The Royal Albert Hall) CAROUSEL (Live from The Royal Albert Hall)
60%
5 Seconds Of Summer (B-Sides And Rarities) Close As Strangers
60%
Amnesia (B-Sides) Daylight
60%
5SOS5 Easy For You To Say
60%
5SOS5 Emotions
60%
Youngblood (Deluxe) Empty Wallets
60%
5SOS5 HAZE
60%
5 Seconds Of Summer Heartbreak Girl
60%
Youngblood (Deluxe) If Walls Could Talk
60%
Meet You There Tour Live If Walls Could Talk - Live
60%
5 Seconds Of Summer (B-Sides And Rarities) Independence Day
60%
Sounds Good Feels Good (Deluxe) Invisible
60%
Singles Lighter
60%
Singles Lighter - Extended Mix
60%
Singles Lighter - Galantis & Misha K VIP Mix
60%
Singles Lighter - MY PAL AL Remix
60%
Singles Lighter (MY PAL AL Remix) - Extended Mix
60%
CALM Lover Of Mine
60%
5SOS5 Me, Myself & I
60%
Youngblood (Deluxe) Monster Among Men
60%
5 Seconds Of Summer Never Be
60%
EVERYONE'S A STAR! No. 1 Obsession
60%
CALM Not In The Same Way
60%
Sounds Good Feels Good (Deluxe) Permanent Vacation
60%
5SOS5 Red Line
60%
Sounds Good Feels Good (Deluxe) San Francisco
60%
EVERYONE'S A STAR! Sick of Myself
60%
5SOS5 Take My Hand - Joshua Tree Version
60%
The Feeling of Falling Upwards (Live from The Royal Albert Hall) Take My Hand (Live from The Royal Albert Hall)
60%
Ambitions Take What You Want (feat. 5 Seconds of Summer)
60%
5SOS5 TEARS!
60%
Sounds Good Feels Good (Deluxe) The Girl Who Cried Wolf
60%
CALM Thin White Lies
60%
Somewhere New Unpredictable
60%
Sounds Good Feels Good (Deluxe) Vapor
60%
She Looks So Perfect (B-Sides) Wherever You Are
60%
Youngblood (Deluxe) Why Won't You Love Me
60%
Meet You There Tour Live Why Won't You Love Me - Live
60%
Youngblood (Deluxe) Woke Up In Japan
60%
Singles 2011
50%
5SOS5 BLENDER
50%
5SOS5 COMPLETE MESS
50%
The Feeling of Falling Upwards (Live from The Royal Albert Hall) COMPLETE MESS (Live from The Royal Albert Hall)
50%
She Looks So Perfect (B-Sides) Disconnected
50%
LIVESOS Disconnected - Live
50%
5 Seconds Of Summer End Up Here
50%
LIVESOS End Up Here - Live
50%
5 Seconds Of Summer Everything I Didn't Say
50%
LIVESOS Everything I Didn't Say - Live
50%
CALM Lonely Heart
50%
5 Seconds Of Summer Long Way Home
50%
LIVESOS Long Way Home - Live
50%
5 Seconds Of Summer (B-Sides And Rarities) Lost Boy
50%
Singles Lost In Reality
50%
Youngblood (Deluxe) Meet You There
50%
Meet You There Tour Live Meet You There - Remix / Live
50%
5 Seconds Of Summer Mrs All American
50%
Singles Over And Out
50%
Sounds Good Feels Good (B-Sides And Rarities) Story Of Another Us
50%
Youngblood (Deluxe) Talk Fast
50%
Meet You There Tour Live Talk Fast - Live
50%
World War Joy Who Do You Love
50%
Singles Who Do You Love - R3HAB Remix
50%
Sounds Good Feels Good (Deluxe) Airplanes
40%
Amnesia (B-Sides) American Idiot
40%
LIVESOS American Idiot - Live
40%
Sounds Good Feels Good (Deluxe) Catch Fire
40%
Sounds Good Feels Good (Deluxe) Fly Away
40%
5 Seconds Of Summer (B-Sides And Rarities) Greenlight
40%
Good Girls (B-Sides) Just Saying
40%
Singles Killer Queen
40%
5 Seconds Of Summer Kiss Me Kiss Me
40%
Youngblood (Deluxe) Moving Along
40%
Meet You There Tour Live Moving Along - Live
40%
Sounds Good Feels Good (Deluxe) Safety Pin
40%
5 Seconds Of Summer Social Casualty
40%
Spotify Singles Stay - Recorded at Spotify Studios NYC
40%
Sounds Good Feels Good (B-Sides And Rarities) The Space Between A Rock And A Hard Place
40%
LIVESOS What I Like About You - Live
40%
LIVESOS (B-Sides And Rarities) | She Looks So Perfect (B-Sides) What I Like About You - Studio Mix
40%
5SOS5 You Don't Go To Parties
40%
She Looks So Perfect (B-Sides) 500 Years Of Winter - Pizza Song
30%
LIVESOS (B-Sides And Rarities) 500 Years Of Winter - Pizza Song - Live
30%
Singles Broken Pieces
30%
5 Seconds Of Summer (B-Sides And Rarities) Out Of My Limit
30%
LIVESOS Out Of My Limit - Live
30%
LIVESOS Teenage Dream - Live
30%
5 Seconds Of Summer Don't Stop - Acoustic
20%
Good Girls (B-Sides) Good Girls - Acoustic
20%
Unplugged Gotta Get Out - Unplugged
20%
Unplugged I Miss You - Unplugged
20%
Meet You There Tour Live Intro - Live
20%
Unplugged Jasey Rae - Live From Rehearsal / Unplugged
20%
Singles Lie To Me - Acoustic
20%
Good Girls (B-Sides) Long Way Home - Acoustic
20%
The Feeling of Falling Upwards (Live from The Royal Albert Hall) OVERTURE (Live from The Royal Albert Hall)
20%
She Looks So Perfect (B-Sides) She Looks So Perfect - Acoustic
20%
She Looks So Perfect (B-Sides) The Only Reason
20%
Meet You There Tour Live The Only Reason - Live
20%
5 Seconds Of Summer (B-Sides And Rarities) Tomorrow Never Dies
20%
Unplugged Too Late - Unplugged
20%
Singles Want You Back - Acoustic
20%
Singles Youngblood - Acoustic
20%
5SOS5 Flatine
10%
Spotify Singles Lie To Me - Recorded at Spotify Studios NYC
10%
Singles Lighter - Acoustic Version
10%
The Feeling of Falling Upwards (Live from The Royal Albert Hall) My, Myself & I (Live from The Royal Albert Hall)
0%
The Feeling of Falling Upwards (Live from The Royal Albert Hall) Older (feat. Sierra Deaton) (Live from The Royal Albert Hall)
0%
No matching quizzes found
Score Distribution
Percent of People with Each Score
Percentile by Number Answered
Your Score History
You have not taken this quiz